Deutscher WM Kader 1970 - Statistiken

Allgemein
  • Dieses Quiz wurde 99 mal gespielt
  • Das Durchschnittsergebnis liegt bei 14 aus 24
Antwortstatistiken
Position Rückennummer Verein Antwort % Korrekt
Tor 1 FC Bayern München Sepp Maier
100%
4 FC Bayern München Franz Beckenbauer
96%
13 FC Bayern München Gerd Müller
90%
Sturm 9 Hamburger SV Uwe Seeler
90%
Trainer - - Helmut Schön
85%
12 1. FC Köln Wolfgang Overath
75%
7 Borussia Mönchengladbach Berti Vogts
73%
3 AC Mailand Karl-Heinz Schnellinger
73%
Abwehr 2 Werder Bremen Horst-Dieter Höttges
65%
Mittelfeld 8 Juventus Turin Helmut Haller
60%
20 Eintracht Frankfurt Jürgen Grabowski
60%
14 FC Schalke 04 Reinhard Libuda
60%
17 1. FC Köln Johannes Löhr
52%
22 Eintracht Braunschweig Horst Wolter
50%
10 Borussia Dortmund Sigfried Held
50%
5 Hamburger SV Willi Schulz
46%
Co Trainer - - Jupp Derwall
42%
6 1. FC Köln Wolfgang Weber
42%
11 FC Schalke 04 Klaus Fichtel
40%
21 1. FC Köln Manfred Manglitz
40%
15 Hertha BSC Bernd Patzke
33%
18 Borussia Mönchengladbach Klaus-Dieter Sieloff
29%
19 Borussia Mönchengladbach Peter Dietrich
27%
16 Eintracht Braunschweig Max Lorenz
25%
Keine übereinstimmenden Quizze gefunden
Verteilung der Resultate
Anzahl Personen mit jedem Resultat
Perzentil nach korrekt beantworteten Fragen
Ihre Resultats-Entwicklung
Sie haben dieses Quiz noch nicht gespielt